[Event "RUS-ch Higher League 77th"]
[Site "Lipetsk"]
[Date "2025.06.26"]
[Round "1"]
[White "Grebnev, Aleksey"]
[Black "Bespalov, Elisei"]
[Result "1-0"]
[WhiteElo "2552"]
[BlackElo "2318"]
[PlyCount "83"]
[EventDate "2025.06.26"]
[EventType "swiss"]
[EventRounds "9"]
[EventCountry "RUS"]
[SourceTitle "CB28_2025"]
[SourceDate "2025.07.09"]
[SourceVersion "1"]
[SourceVersionDate "2025.07.09"]
[SourceQuality "1"]

1. Nf3 Nf6 2. b3 g6 3. Bb2 Bg7 4. g3 0-0 5. Bg2 d6 6. d4 Nbd7 7. 0-0 Re8 8. a4 a5 9. Na3 c6 10. Re1 d5 11. c4 Nb6 12. Rc1 Be6 13. Ne5 Nbd7 14. cxd5 cxd5 15. Nb5 Rc8 16. Rxc8 Qxc8 17. Qd2 Nxe5 18. dxe5 Ne4 19. Qxa5 Qc2 20. Bd4 Nd2 21. Nc7 Rc8 22. Nxe6 fxe6 23. Qb6 Kf7 24. Qxb7 Nxb3 25. Bb6 Bxe5 26. a5 Qd2 27. Rf1 Rb8 28. Qa6 Bc3 29. Qa7 Re8 30. a6 Qxe2 31. Qb7 Nd2 32. a7 Nxf1 33. Bxf1 Qb2 34. Qc6 Qa1 35. Kg2 Be5 36. Bc5 Bf6 37. Ba6 Rd8 38. Bc8 Qb1 39. a8Q Qe4+ 40. f3 Qe2+ 41. Bf2 Bd4 42. Qxe6+ 1-0

[Event "RUS-chT2"]
[Site "Sochi"]
[Date "2025.05.03"]
[Round "7.3"]
[White "Lisimenko, Ruslan"]
[Black "Bespalov, Elisei"]
[Result "1/2-1/2"]
[WhiteElo "2198"]
[BlackElo "2187"]
[PlyCount "54"]
[EventDate "2025.04.26"]
[EventType "team-swiss"]
[EventRounds "9"]
[EventCountry "RUS"]
[SourceTitle "CB19_2025"]
[SourceDate "2025.05.07"]
[SourceVersion "1"]
[SourceVersionDate "2025.05.07"]
[SourceQuality "1"]
[WhiteTeam "Prikame Perm Region"]
[BlackTeam "Samara Zhiguli"]
[WhiteTeamCountry "RUS"]
[BlackTeamCountry "RUS"]

1. d4 Nf6 2. c4 e6 3. Nf3 d5 4. g3 Be7 5. Bg2 0-0 6. 0-0 dxc4 7. Qc2 a6 8. a4 Bd7 9. Qxc4 Bc6 10. Bg5 Nbd7 11. Nc3 h6 12. Bxf6 Nxf6 13. a5 Bd5 14. Qd3 Bxf3 15. Bxf3 c6 16. Qc4 Qd6 17. e3 Rfd8 18. Rfd1 Qb4 19. Qe2 Rab8 20. Qc2 Qd6 21. h4 Qc7 22. Qa4 Bd6 23. Kg2 Qe7 24. Rac1 Bb4 25. Na2 Bd6 26. Nc3 Bb4 27. Na2 Bd6 1/2-1/2

[Event "RUS-chT2"]
[Site "Sochi"]
[Date "2025.04.28"]
[Round "3.2"]
[White "Bespalov, Elisei"]
[Black "Rostovtsev, Dmitry"]
[Result "0-1"]
[WhiteElo "2187"]
[BlackElo "2321"]
[PlyCount "94"]
[EventDate "2025.04.26"]
[EventType "team-swiss"]
[EventRounds "9"]
[EventCountry "RUS"]
[SourceTitle "CB19_2025"]
[SourceDate "2025.05.07"]
[SourceVersion "1"]
[SourceVersionDate "2025.05.07"]
[SourceQuality "1"]
[WhiteTeam "Samara Zhiguli"]
[BlackTeam "Moscow Formula Shakhmat"]
[WhiteTeamCountry "RUS"]
[BlackTeamCountry "RUS"]

1. Nf3 f5 2. d3 d6 3. e4 e5 4. Nc3 Nc6 5. exf5 Nge7 6. d4 exd4 7. Nxd4 Nxd4 8. Qxd4 Nxf5 9. Qe4+ Qe7 10. Bd3 c6 11. 0-0 Qxe4 12. Nxe4 d5 13. Ng3 g6 14. Re1+ Kf7 15. Nxf5 Bxf5 16. Bxf5 gxf5 17. Bf4 Bg7 18. Be5 Rhe8 19. Bxg7 Kxg7 20. f3 Kf6 21. Kf2 c5 22. c3 a5 23. Rxe8 Rxe8 24. Rd1 Rd8 25. Kg3 a4 26. Kf4 h5 27. g3 d4 28. cxd4 cxd4 29. h3 Ke6 30. g4 hxg4 31. hxg4 fxg4 32. fxg4 Kd5 33. g5 Rf8+ 34. Kg4 Ke4 35. Re1+ Kd3 36. Re7 b5 37. g6 Kc2 38. g7 Rg8 39. Kf3 b4 40. Rb7 d3 41. Ke3 Re8+ 42. Kf2 d2 43. Rc7+ Kxb2 44. Rd7 Kxa2 45. Rxd2+ Ka3 46. Rd3+ b3 47. Rg3 Ka2 0-1

[Event "Cheliabinsk Panchenko Memorial op-A"]
[Site "Cheliabinsk"]
[Date "2021.09.21"]
[Round "10"]
[White "Averin, Nikolay"]
[Black "Bespalov, Elisei"]
[Result "1/2-1/2"]
[WhiteElo "2116"]
[BlackElo "1877"]
[PlyCount "102"]
[EventDate "2021.09.13"]
[EventType "swiss"]
[EventRounds "10"]
[EventCountry "RUS"]
[SourceTitle "CBM 204 Extra"]
[Source "ChessBase"]
[SourceDate "2021.11.30"]
[SourceVersion "1"]
[SourceVersionDate "2021.11.30"]
[SourceQuality "1"]

1. e4 c5 2. Nf3 Nc6 3. d4 cxd4 4. Nxd4 Nf6 5. Nc3 d6 6. Bg5 e6 7. Qd2 a6 8. 0-0-0 Bd7 9. f3 b5 10. Nxc6 Bxc6 11. Ne2 Be7 12. h4 Qc7 13. Kb1 Rc8 14. Nd4 Bb7 15. Bd3 h6 16. Be3 Nd7 17. g4 d5 18. exd5 Bxd5 19. g5 Ne5 20. gxh6 gxh6 21. Bf4 Nc4 22. Bxc4 Qxc4 23. b3 Qb4 24. Qe2 Bf6 25. Be5 Qe7 26. Rhe1 0-0 27. Qe3 Kh7 28. Qf4 Bxe5 29. Rxe5 Rg8 30. Rxd5 exd5 31. Qxh6+ Kxh6 32. Nf5+ Kh5 33. Nxe7 Rge8 34. Nxc8 Rxc8 35. Rxd5+ Kxh4 36. Rd6 f5 37. Rxa6 Kg3 38. Kb2 Kxf3 39. Ka3 Rxc2 40. Kb4 f4 41. Kxb5 Ke2 42. a4 Rc3 43. b4 f3 44. Re6+ Re3 45. Rf6 f2 46. Rxf2+ Kxf2 47. a5 Ra3 48. a6 Ke3 49. Kb6 Kd4 50. a7 Rxa7 51. Kxa7 Kc4 1/2-1/2

[Event "Cheliabinsk Panchenko Memorial op-A"]
[Site "Cheliabinsk"]
[Date "2021.09.16"]
[Round "4"]
[White "Bespalov, Elisei"]
[Black "Ismagilov, Damir"]
[Result "0-1"]
[WhiteElo "1877"]
[BlackElo "2231"]
[PlyCount "84"]
[EventDate "2021.09.13"]
[EventType "swiss"]
[EventRounds "10"]
[EventCountry "RUS"]
[SourceTitle "CBM 204 Extra"]
[Source "ChessBase"]
[SourceDate "2021.11.30"]
[SourceVersion "1"]
[SourceVersionDate "2021.11.30"]
[SourceQuality "1"]

1. Nf3 c5 2. g3 d5 3. Bg2 Nc6 4. 0-0 e6 5. d3 Nf6 6. Nbd2 g6 7. e4 Bg7 8. Re1 0-0 9. c3 a5 10. e5 Ng4 11. d4 cxd4 12. cxd4 f6 13. h3 Nxf2 14. Kxf2 fxe5 15. dxe5 Qb6+ 16. Kf1 Bd7 17. Nb1 Nxe5 18. Na3 Rf7 19. Be3 Qxb2 20. Bd4 Qxa3 21. Rxe5 Bxe5 22. Bxe5 Raf8 23. Bf4 e5 24. Bxe5 Rxf3+ 25. Bxf3 Rxf3+ 26. Kg2 Rd3 27. Qc2 Bf5 28. Qf2 Qb4 29. Bf4 Be4+ 30. Kh2 Rf3 31. Qe2 Qd4 32. Rf1 Rxf1 33. Qxf1 Qb2+ 34. Kg1 Qxa2 35. Bd6 Qb1 36. Qxb1 Bxb1 37. Kf2 Kf7 38. Ke3 Ke6 39. Ba3 b5 40. Kd4 b4 41. Bc1 Kd6 42. Bd2 Be4 0-1

[Event "Sochi Lobanov Memorial Rapid"]
[Site "Sochi"]
[Date "2021.06.24"]
[Round "1"]
[White "Bespalov, Elisei"]
[Black "Demidov, Mikhail"]
[Result "0-1"]
[WhiteElo "1633"]
[BlackElo "2523"]
[PlyCount "92"]
[EventDate "2021.06.24"]
[EventType "swiss (rapid)"]
[EventRounds "9"]
[EventCountry "RUS"]
[SourceTitle "CBM 203 Extra"]
[Source "ChessBase"]
[SourceDate "2021.09.30"]
[SourceVersion "1"]
[SourceVersionDate "2021.09.30"]
[SourceQuality "1"]

1. e4 Nf6 2. e5 Nd5 3. d4 d6 4. Nf3 Nb6 5. Be2 g6 6. 0-0 Bg7 7. exd6 cxd6 8. c3 0-0 9. Be3 Qc7 10. Nbd2 e5 11. Re1 Nc6 12. dxe5 dxe5 13. Bf1 Nd5 14. h3 Rd8 15. Bc4 Na5 16. Bxd5 Rxd5 17. Qe2 Bf5 18. Ng5 Rad8 19. Nge4 h6 20. f3 Bc8 21. c4 R5d7 22. Nc3 b6 23. Rad1 Ba6 24. b3 Nc6 25. Nde4 Nd4 26. Bxd4 exd4 27. Na4 d3 28. Qf1 b5 29. cxb5 Bxb5 30. Nd2 Qg3 31. Ne4 Qf4 32. Nd2 Be5 33. Re4 Qh2+ 34. Kf2 Bxa4 35. bxa4 Bd4+ 36. Rxd4 Rxd4 37. Ne4 d2 38. Qe2 Qf4 39. g3 Qe5 40. Rxd2 Rxd2 41. Nxd2 Qd4+ 42. Ke1 Qc3 43. Kd1 Qa1+ 44. Kc2 Qxa2+ 45. Kc3 Qa3+ 46. Kc2 Qxa4+ 0-1